|
|
|
|
| LEADER |
00945nam a2200205 a 4500 |
| 008 |
100322r2003 ii 000 0 eng d |
| 040 |
|
|
|a BD-DhAAL
|c BD-DhAAL
|
| 082 |
0 |
0 |
|a 340/.03
|2 21
|
| 245 |
1 |
0 |
|a Concise law dictionary :
|b with legal maxims, latin terms and words & phrases /
|c originally compiled and edited by P. Ramanatha Aiyar.
|
| 250 |
|
|
|a Abridged ed., reprint /
|b extensively rev. and enl. under the general editorship of Y.V. Chandrachud.
|
| 260 |
|
|
|a New Delhi :
|b Wadhwa and Co.,
|c c2003 [reprinted].
|
| 300 |
|
|
|a x, 904 p. ;
|c 22 cm.
|
| 541 |
1 |
|
|e 00010198
|
| 650 |
|
0 |
|a Law
|v Dictionaries.
|
| 650 |
|
0 |
|a Law
|z India
|v Dictionaries.
|
| 700 |
1 |
|
|a Ramanatha Aiyar, Pinayur.
|
| 700 |
1 |
|
|a Chandrachud, Y. V.
|
| 852 |
4 |
|
|a Ayesha Abed Library
|j General Shelf
|
| 999 |
|
|
|c 7829
|d 7829
|
| 952 |
|
|
|0 0
|1 0
|2 ddc
|4 0
|6 340_030000000000000_CON_2003
|7 0
|9 8732
|a BRACUL
|b BRACUL
|c GEN
|d 2010-03-22
|l 8
|m 39
|o 340.03 CON
|p 3010010198
|r 2026-02-02
|s 2025-09-24
|t 1
|w 2010-03-22
|y BK
|